Educación sensoria.

Uloženo v:
Podrobná bibliografie
Hlavní autor: Rendu, Eugene [et. al.], (autor)
Médium: Kniha
Jazyk:španělština
Edice:(La educación moderna)
Témata:
Tagy: Přidat tag
Žádné tagy, Buďte první, kdo vytvoří štítek k tomuto záznamu!

MARC

LEADER 00000nam^a2200000^u^4500
001 000506217
005 20250521000000.0
008 090120s1000^^^^^^^^^^^^r^^^^^000^0^spa^d
009 20260310125951.243
035 |a FCE 000050422 
037 |a Acervo ITESO - Biblioteca 
041 |a spa 
082 0 4 |a 370.154  |b RENe 
100 |a Rendu, Eugene  |e [et. al.]  |e (autor) 
245 1 0 |a Educación sensoria. 
264 |a México:  |b Imprenta de Aguilar e Hijos,  |c 1883. 
300 |a 541 p. 
336 |a texto  |b txt  |2 rdacontenido 
337 |a sin mediación  |b n  |2 rdamedio 
338 |a volumen  |b nc  |2 rdasoporte 
440 1 |a (La educación moderna) 
649 |a XX 
650 |a Educación sensorial 
650 |a Niños 
650 |a Estímulos auditivos 
650 |a Percepción visual 
650 |a Estímulos visuales 
910 |a Fondo Centro de Estudios Educativos 
920 |a Impresos - Libros 
930 |a Fondos Especiales 
905 |a 133 
901 |a ALE066213  |b IT2  |c CEE  |u 20250521 
902 |a https://opac.biblio.iteso.mx/vufind/Record/000506217